000 00291nam a2200133Ia 4500
100 _aRizzi peter A
942 _cBK
654 _aMicrowave engineering
245 _aMicrowave Engineering
260 _bprentice hall
_aNew Jersey
_c1988
300 _a571
546 _aENGLISH
999 _c31614
_d31614